| 000 | 00643cam a22001934a 4500 | ||
|---|---|---|---|
| 020 | _a9780896291768 (alk. paper) | ||
| 040 | _cDLC | ||
| 082 | 0 | 0 | _a338 AGR 2010 C077 Or. |
| 245 | 0 | 0 | _aAgricultural growth and investment options for poverty reduction in Rwanda / |
| 260 |
_aWashington, D.C. : _bInternational Food Policy Research Institute, _cc2010. |
||
| 300 |
_axiv, 124 p. : _bill. ; _c23 cm. |
||
| 490 | 1 | _aIFPRI research monograph | |
| 650 | 0 | _aAgricultural development projects | |
| 650 | 0 | _aAgriculture | |
| 650 | 0 | _aPoverty | |
| 700 | 1 | _aDiao, Xinshen. | |
| 710 | 2 | _aInternational Food Policy Research Institute. | |
| 942 | _cAEDBB | ||
| 999 |
_c21333 _d21333 |
||